7. Solia - Bad Bunny - Estadísticas

Estadísticas generales
  • Esta prueba ha sido intentada 26 veces
  • La puntuación promedio es 231 de 280
Estadísticas de respuestas
% Correcto
a
100%
la
100%
llego
100%
mi
100%
salio
100%
si
100%
solia
100%
al
94%
alcohol
94%
algun
94%
amiga
94%
buscando
94%
de
94%
deje
94%
dia
94%
diga
94%
el
94%
en
94%
enviale
94%
esa
94%
lo
94%
me
94%
mensaje
94%
mentira
94%
no
94%
olvida
94%
por
94%
porque
94%
que
94%
relacion
94%
revela
94%
salida
94%
se
94%
sin
94%
sola
94%
te
94%
un
94%
una
94%
verte
94%
como
88%
da
88%
dice
88%
le
88%
los
88%
miras
88%
pa
88%
perderte
88%
puede
88%
repito
88%
vi
88%
y
88%
ya
88%
bailar
82%
casi
82%
conmigo
82%
entera
82%
eso
82%
esta
82%
flojera
82%
hacerlo
82%
mami
82%
nadie
82%
noche
82%
quiera
82%
quiere
82%
rico
82%
soltera
82%
vuelve
82%
ella
76%
hoy
76%
su
76%
cristales
71%
dedico
71%
eh
71%
empanen
71%
grande
71%
indico
71%
luna
71%
parte
71%
regane
71%
tiene
71%
alguien
65%
cancion
65%
final
65%
nena
65%
vez
65%
acabaron
59%
dane
59%
dices
59%
kanye
59%
kardashian
59%
mas
59%
oportunida
59%
to
59%
cabrone
53%
decepciones
53%
estos
53%
fallaron
53%
han
53%
muchas
53%
pero
53%
presenta
53%
sido
53%
algo
47%
daria
47%
mentiras
47%
pico
47%
sono
47%
subio
47%
oh
41%
story
41%
pal
35%
total
35%
No se encontraron pruebas coincidentes
Distribución de puntuación
Porcentaje de gente con cada puntuación
Porcentaje por número respondido
Historial de tus puntuaciones
No has intentado esta prueba.